| 000 | 00870nam a2200277Ia 4500 | ||
|---|---|---|---|
| 001 | Para_7349 | ||
| 003 | CHAP | ||
| 008 | 220125s9999 xx 000 0 und d | ||
| 010 | _a206237 | ||
| 040 | _cCHAP | ||
| 090 | _aPA R-97 | ||
| 245 |
_aEvidence on possible mycoplasma etiology of aster yellows disease / _c R.E. Davis and R.F. Whitcomb |
||
| 500 | _aSobretiro de: Infection and inmunity 2 (2), 1970 . Encuadernado con otros impresos similares | ||
| 650 |
_aEntomología económica _937145 |
||
| 650 |
_aInsectos como vectores _958956 |
||
| 650 |
_aMicoplasma _975483 |
||
| 650 |
_aPlantas _x enfermedades por micoplasmas _9163936 |
||
| 700 |
_aWhitcomb, R.F. _9172478 |
||
| 901 | _aPA R-97 | ||
| 902 | _aA | ||
| 905 | _a000000 0000000000 00 | ||
| 910 | _a | ||
| 942 | _cPARA | ||
| 942 |
_cPARA _d1 |
||
| 999 |
_c206237 _d206237 |
||